UBT Library

Global politics in a changing world : (Record no. 211)

000 -LEADER
fixed length control field 00628cam a22001934a 4500
005 - DATE AND TIME OF LATEST TRANSACTION
control field 20131029110059.0
008 - FIXED-LENGTH DATA ELEMENTS--GENERAL INFORMATION
fixed length control field 990331s2000 mau b 000 0 eng
020 ## - INTERNATIONAL STANDARD BOOK NUMBER
International Standard Book Number 0395849705
041 0# - LANGUAGE CODE
Language code of text/sound track or separate title eng
245 00 - TITLE STATEMENT
Title Global politics in a changing world :
Statement of responsibility, etc [compiled by] Richard W. Mansbach, Edward Rhodes.
260 ## -
-- Boston :
-- Houghton Mifflin,
-- c2000.
300 ## -
-- xiii, 471 p. ;
-- 24 cm.
500 ## -
-- Preface : f. XI-XIII
504 ## - BIBLIOGRAPHY, ETC. NOTE
Bibliography, etc Includes bibliographical references.
650 #0 -
-- Politika botërore
-- 1989-
700 1# -
-- Mansbach, Richard W.,
-- 1943-
700 1# -
-- Rhodes, Edward,
-- 1959-
942 ## - ADDED ENTRY ELEMENTS (KOHA)
Source of classification or shelving scheme
Item type Books
Holdings
Withdrawn status Lost status Source of classification or shelving scheme Damaged status Not for loan Collection code Permanent location Current location Shelving location Date acquired Total Checkouts Full call number Barcode Date last seen Koha item type
          Koleksioni i përgjithshem UBT - Prishtine UBT - Prishtine Koleksioni i përgjithshem 10/29/2013   316.32 MAN 001-000238 10/29/2013 Books
UBT Library © 2015-2024. All rights reserved University Education for Business and Technology